Las hazañas de un joven don Juan /
This novel tells the story of the sexual awakening of the precocious Roger, during one summer at his family's chateau. His affairs include servant girls, his maiden aunt and both his sisters. It was written by the poet Guilaume Apollinaire when he was in desperate need of money.
| Main Author: | |
|---|---|
| Other Authors: | |
| Format: | Electronic eBook |
| Language: | Spanish French |
| Published: |
[Barcelona] :
Montesinos,
[2004].
|
| Subjects: | |
| Online Access: | Digitalia Hispánica |
MARC
| LEADER | 00000nam a2200000Ii 4500 | ||
|---|---|---|---|
| 001 | DIGMONTE0063 | ||
| 003 | NyNyDIG | ||
| 006 | m o d | ||
| 008 | 150901t20041985sp o 000 f spa d | ||
| 007 | cr ||||||||||| | ||
| 020 | |z 8496356116 | ||
| 020 | |z 9788496356115 | ||
| 040 | |a DGITA |b eng |e rda |e pn |c DGITA | ||
| 041 | 1 | |a spa |h fre | |
| 050 | 1 | 4 | |a PQ2601.P6 eBook |
| 100 | 1 | |a Apollinaire, Guillaume, |d 1880-1918, |e author. | |
| 240 | 1 | 0 | |a Exploits d'un jeune don Juan. |l Spanish |s (Wacquez) |
| 245 | 1 | 4 | |a Las hazañas de un joven don Juan / |c Guillaume Apollinaire ; traducción de Mauricio Wacquez. |
| 264 | 1 | |a [Barcelona] : |b Montesinos, |c [2004]. | |
| 264 | 4 | |c ©1985 | |
| 300 | |a 1 online resource (94 pages) | ||
| 336 | |a text |b txt |2 rdacontent | ||
| 337 | |a computer |b c |2 rdamedia | ||
| 338 | |a online resource |b cr |2 rdacarrier | ||
| 520 | |a This novel tells the story of the sexual awakening of the precocious Roger, during one summer at his family's chateau. His affairs include servant girls, his maiden aunt and both his sisters. It was written by the poet Guilaume Apollinaire when he was in desperate need of money. | ||
| 588 | |a Online resource; title from PDF title page (Digitalia, viewed September 23, 2015) | ||
| 655 | 7 | |a Erotic fiction. |2 lcgft | |
| 655 | 0 | |a Electronic books. | |
| 700 | 1 | |a Wacquez, Mauricio, |d 1939-2000, |e translator. | |
| 776 | 0 | 8 | |i Print version: |a Apollinaire, Guillaume, 1880-1918. |s Exploits d'un jeune don Juan. Spanish (Wacquez) |t Hazañas de un joven don Juan. |d [Barcelona] : Montesinos, [2004] |z 9788496356115 |
| 791 | 2 | |a Digitalia (Firm), |e distributor. | |
| 793 | 0 | |g Digitalia eBook Collection: |a Editorial Montesinos. | |
| 856 | 4 | 0 | |3 Digitalia Hispánica |u https://www.digitaliapublishing.com/a/37093/ |
| 910 | |a Premium Collection: 2015 | ||